Derecho Penal y el Estado de Derecho

Bibliographic Details
Main Author: Bacigalupo, Enrique
Format: Unknown
Language:Spanish
Published: Chile : Jurd̕ica de las Americas, 2009
Subjects:
Online Access:Acceso restringido

MARC

LEADER 00000ny a22000003n 4500
005 20110519113253.0
008 100324s cl 000 0 spa d
020 |a 9786077877042 
035 |a 4722 
040 |a BUS  |d vLex 
090 |c 33  |d 33 
100 1 |a Bacigalupo, Enrique 
245 1 0 |a Derecho Penal y el Estado de Derecho  |h [Recurso electrn̤ico]  |c Enrique Bacigalupo  
256 |a Servicio en ln̕ea 
260 |a Chile :  |b Jurd̕ica de las Americas,  |c 2009 
506 1 |a Contenido solo disponible en los productos indicados  |d vLex Global  |d vLex Global (Academic Edition, excluding Law Schools)  |d vLex Global (U.S. Academic Edition, Law Schools)  |d vLex Global (U.S. Academic Edition, excluding Law Schools)  |d vLex Global (Academic Edition, Law Schools) 
650 0 4 |a Derecho penal 
740 0 |a vLex Libros (Servicios en ln̕ea) 
856 4 0 |u http://vlex.com/source/4722  |z Acceso restringido 
942 |c BOOK 
999 0 |a Criminal Law   |b Spain